000 00697nam a2200265 a 4500
999 _c12154
_d12154
001 12154
003 BD-JhCC
005 20211012134021.0
008 210321s2011 ii a|||| |||| 001 0 eng d
020 _a9788131520970
020 _a8131520978
035 _a(BD-JhCC)12154
040 _aBD-JhCC
_dBD-JhCC
041 _aeng
082 _a547
_bMCM 2011
100 _aMcMurry, John
245 _aFundamentals of organic chemistry /
_cJohn McMurry,
250 _a7th ed.
260 _aNew Delhi :
_bCengage Learning,
_c2011.
300 _axiii, 598 p. :
_bill. ;
_c26 cm.
504 _aIncludes index.
650 _aChemistry, Organic
650 _aOrganic compounds
942 _2ddc
_cBK
_02